Loading...

Business Forecasting in Practice Principles and Cases

Bibliographic Details
Main Author: Abramson, Adolph G and Mack, Russell H.
Format: Printed Book
Language:English
Published: New York: John Wiley & Sons, Inc. , 1956.
Edition:1956.
Subjects:
LEADER 00664nam a22001694a 4500
008 140520n ii |||gr||||Z||||||eng
082 |a G1 A2 
100 |a Abramson, Adolph G and Mack, Russell H. 
245 1 |a Business Forecasting in Practice Principles and Cases 
250 |a 1956. 
260 |a New York:  |b John Wiley & Sons, Inc. ,  |c 1956. 
300 |a XIII;275p. 
630 |a Statistics Business Cycle Theories, The Business Recession of 1949. 
852 |t 1  |p STA02085  |a S- 20 R-5  |b General   |k G1 A2  |f 00000 
942 |c BK 
999 |c 218684  |d 218684 
952 |0 0  |1 0  |4 0  |6 G_1_000000000000000_A2  |7 0  |9 232826  |a STA  |b STA  |d 2019-12-11  |l 0  |o G1 A2  |p STA02085  |r 2019-12-11  |t 1  |w 2019-12-11  |y BK